| 000 | 004240000a22001570004500 | ||
|---|---|---|---|
| 001 | 4915 | ||
| 020 | _a1-85049-031-7 | ||
| 041 | 0 | _aENG | |
| 082 | 0 | 4 | _aG 242 J457f |
| 100 | 1 | _aJeffery, Peter | |
| 245 | 1 | 0 | _aFirm foundations : Daily readings from great chapters of the Bible / Peter Jeffery, Owen Milton |
| 260 | _a[S.L] : Evangelical | ||
| 300 | _a136 Pag | ||
| 650 | 1 | 4 | _aLITERATURA RELIGIOSA - MEDITACIONES |
| 942 | _cBK | ||
| 999 |
_c35453 _d35453 |
||